Personnages de La Flamme - Statistiques

Statistiques générales
  • Ce quiz a été pris 86 fois
  • Le résultat moyen est 13 sur 25
Statistiques - réponses
Par images Réponse % Correct
Marc
100%
Anne
99%
Chataléré
92%
Alexandra
86%
Soraya
78%
José
76%
Dr Juiphe
74%
Tony tonic
74%
Marina
73%
Valerie
73%
Orchidée
69%
Anna
55%
Claude
55%
Victoire
47%
Manon
45%
Emilie
42%
Sarah
38%
Le présentateur
36%
Ludo
22%
Lila
19%
Milo
17%
Dan
13%
Luc
13%
Fabulo
10%
Pascal
5%
Aucun quiz correspondant
Distribution des résultats
% des personnes avec chaque résultat
Percentile par nombre de réponses
Votre historique - résultats
Vous n’avez pas pris ce quiz